| 000 | 00705nam a2200241 a 4500 | ||
|---|---|---|---|
| 001 | BRCA_2304 | ||
| 005 | 20190320203741.0 | ||
| 008 | 190808s1996----sp-a---###---#000-0#spa-# | ||
| 020 | _a8489142084 | ||
| 041 | _aspa | ||
| 044 | _asp | ||
| 050 | 4 |
_aZ269 _b.B78 1996 |
|
| 100 | 1 |
_aBrugalla Turmo, Emilio _96898 |
|
| 245 | 1 | 0 |
_aEn torno a la encuadernación y las artes del libro _bdiez temas académicos _cEmilio Brugalla Turmo. |
| 260 |
_aEspaña _bClan _c1996 |
||
| 300 |
_a481 p. _bil. _c24 cm. |
||
| 440 | 0 |
_aTécnicas artísticas _96899 |
|
| 500 | _aEjemplar engargolado | ||
| 500 | _aPor política no se presta a domicilio | ||
| 650 | 1 | 4 |
_aEncuadernación _96900 |
| 902 | _aeng | ||
| 942 |
_2lcc _cB |
||
| 999 |
_c2049 _d2049 |
||